Les oiseaux de l'ordre des Accipitriformes et des Falconiformes - Statistiques

Statistiques générales
  • Ce quiz a été pris 4 fois
  • Le résultat moyen est 53 sur 325
Statistiques - réponses
Famille Genre Statut de
conservation
Réponse % Correct
Accipitridés Aquila EN Aigle des steppes
75%
Accipitridés Aquila VU Aigle ibérique
75%
Accipitridés Aquila VU Aigle impérial
75%
Accipitridés Clanga LC Aigle pomarin
75%
Accipitridés Aquila LC Aigle royal
75%
Pandionidés Pandion LC Balbuzard pêcheur
75%
Accipitridés Circus LC Busard cendré
75%
Accipitridés Circus LC Busard des roseaux
75%
Accipitridés Circus LC Busard Saint-Martin
75%
Accipitridés Buteo LC Buse à queue rousse
75%
Accipitridés Parabuteo LC Buse de Harris
75%
Accipitridés Buteo LC Buse pattue
75%
Accipitridés Buteo LC Buse variable
75%
Falconidés Caracara LC Caracara huppé
75%
Accipitridés Circaetus LC Circaète Jean-le-Blanc
75%
Cathartidés Gymnogyps CR Condor de Californie
75%
Cathartidés Vultur VU Condor des Andes
75%
Accipitridés Elanus LC Elanion blanc
75%
Accipitridés Accipiter LC Epervier d'Europe
75%
Falconidés Falco LC Faucon crécerelle
75%
Falconidés Falco LC Faucon crécerellette
75%
Falconidés Falco LC Faucon de l'Amour
75%
Falconidés Falco LC Faucon émerillon
75%
Falconidés Falco LC Faucon gerfaut
75%
Falconidés Falco LC Faucon hobereau
75%
Falconidés Falco NT Faucon kobez
75%
Accipitridés Gypaetus NT Gypaète barbu
75%
Accipitridés Harpia NT Harpie féroce
75%
Accipitridés Milvus LC Milan noir
75%
Accipitridés Milvus LC Milan royal
75%
Accipitridés Haliaeetus LC Pygargue à queue blanche
75%
Accipitridés Haliaeetus LC Pygargue à tête blanche
75%
Cathartidés Cathartes LC Urubu à tête rouge
75%
Accipitridés Gyps LC Vautour fauve
75%
Accipitridés Neophron EN Vautour percnoptère
75%
Accipitridés Hieraaetus LC Aigle botté
50%
Accipitridés Clanga VU Aigle criard
50%
Accipitridés Aquila LC Aigle de Bonnelli
50%
Accipitridés Lophaetus LC Aigle huppard
50%
Accipitridés Nisaetus LC Aigle huppé
50%
Accipitridés Astur LC Autour des palombes
50%
Accipitridés Circus EN Busard pâle
50%
Accipitridés Buteo LC Buse féroce
50%
Falconidés Falco LC Crécerelle d'Amérique
50%
Accipitridés Accipiter LC Epervier brun
50%
Accipitridés Astur LC Epervier de Cooper
50%
Falconidés Falco LC Faucon d'Eléonore
50%
Falconidés Falco LC Faucon des chauves-souris
50%
Falconidés Falco LC Faucon lanier
50%
Falconidés Falco LC Faucon pèlerin
50%
Falconidés Falco EN Faucon sacre
50%
Sagittariidés Sagittarius EN Messager sagittaire
50%
Accipitridés Haliastur LC Milan sacré
50%
Cathartidés Cathartes LC Urubu à tête jaune
50%
Cathartidés Coragyps LC Urubu noir
50%
Accipitridés Gyps CR Vautour africain
50%
Accipitridés Necrosyrtes CR Vautour charognard
50%
Accipitridés Gyps NT Vautour de l'Himalaya
50%
Accipitridés Gyps CR Vautour de Rüppell
50%
Accipitridés Gyps CR Vautour indien
50%
Accipitridés Aegypius NT Vautour moine
50%
Accipitridés Torgos EN Vautour oricou
50%
Accipitridés Aquila LC Aigle d'Australie
25%
Accipitridés Pithecophaga CR Aigle des singes
25%
Accipitridés Aquila LC Aigle de Verreaux
25%
Accipitridés Ictinaetus LC Aigle noir
25%
Accipitridés Astur NE Autour d'Amérique
25%
Accipitridés Melierax LC Autour sombre
25%
Accipitridés Terathopius EN Bateleur des savanes
25%
Accipitridés Pernis LC Bondrée apivore
25%
Accipitridés Circus LC Busard de Gould
25%
Accipitridés Circus EN Busard de Maillard
25%
Accipitridés Circus LC Busard des marais
25%
Accipitridés Buteo LC Buse à épaulettes
25%
Accipitridés Geranoaetus LC Buse aguia
25%
Accipitridés Buteo LC Buse à queue courte
25%
Accipitridés Buteo LC Buse cendrée
25%
Accipitridés Geranospiza LC Buse échasse
25%
Accipitridés Buteo LC Buse rouilleuse
25%
Accipitridés Geranoaetus LC Buse tricolore
25%
Falconidés Micrastur VU Carnifex plombé
25%
Accipitridés Elanus LC Elanion à queue blanche
25%
Accipitridés Elanus LC Elanion perle
25%
Accipitridés Tachyspiza LC Epervier à pieds courts
25%
Accipitridés Tachyspiza LC Epervier de Frances
25%
Accipitridés Microspizias LC Epervier nain
25%
Accipitridés Tachyspiza LC Epervier shikra
25%
Falconidés Falco LC Faucon aplomado
25%
Falconidés Falco VU Faucon concolore
25%
Falconidés Falco LC Faucon des prairies
25%
Falconidés Polihierax LC Fauconnet d'Afrique
25%
Cathartidés Cathartes LC Grand urubu
25%
Accipitridés Polyboroides LC Gymnogène d'Afrique
25%
Accipitridés Polyboroides LC Gymnogène de Madagascar
25%
Accipitridés Morphnus NT Harpie huppée
25%
Falconidés Herpetotheres LC Macagua rieur
25%
Accipitridés Elanoides LC Milan à queue fourchue
25%
Accipitridés Chondrohierax LC Milan bec-en-croc
25%
Accipitridés Rostrhamus LC Milan des marais
25%
Accipitridés Ictinia LC Milan du Mississipi
25%
Accipitridés Gypohierax LC Palmiste africain
25%
Accipitridés Buteo LC Petite buse
25%
Accipitridés Icthyophaga LC Pygargue blagre
25%
Accipitridés Icthyophaga CR Pygargue de Madagascar
25%
Accipitridés Haliaeetus EN Pygargue de Pallas
25%
Accipitridés Haliaeetus VU Pygargue empereur
25%
Accipitridés Icthyophaga LC Pygargue vocifère
25%
Cathartidés Sarcoramphus LC Sarcoramphe roi
25%
Accipitridés Spilornis LC Serpentaire bacha
25%
Accipitridés Spilornis VU Serpentaire des Andaman
25%
Accipitridés Spilornis NT Serpentaire des Célèbes
25%
Accipitridés Gyps CR Vautour à long bec
25%
Accipitridés Trigonoceps CR Vautour à tête blanche
25%
Accipitridés Gyps CR Vautour chaugoun
25%
Accipitridés Lophotriorchis NT Aigle à ventre roux
0%
Accipitridés Stephanoaetus NT Aigle couronné
0%
Accipitridés Hieraaetus LC Aigle d'Ayres
0%
Accipitridés Nisaetus LC Aigle de Blyth
0%
Accipitridés Aquila LC Aigle de Cassin
0%
Accipitridés Aquila NT Aigle de Gurney
0%
Accipitridés Nisaetus EN Aigle de Java
0%
Accipitridés Nisaetus NE Aigle de Legge
0%
Accipitridés Harpyopsis VU Aigle de Nouvelle-Guinée
0%
Accipitridés Nisaetus EN Aigle de Pinsker
0%
Accipitridés Nisaetus LC Aigle des Célèbes
0%
Accipitridés Nisaetus EN Aigle des Philippines
0%
Accipitridés Hieraaetus LC Aigle de Wahlberg
0%
Accipitridés Nisaetus LC Aigle de Wallace
0%
Accipitridés Hieraaetus LC Aigle de Weiske
0%
Accipitridés Spizaetus EN Aigle d'Isidore
0%
Accipitridés Aquila LC Aigle fascié
0%
Accipitridés Clanga VU Aigle lancéolé
0%
Accipitridés Polemaetus EN Aigle martial
0%
Accipitridés Nisaetus LC Aigle montagnard
0%
Accipitridés Hieraaetus LC Aigle nain
0%
Accipitridés Spizaetus LC Aigle noir-et-blanc
0%
Accipitridés Spizaetus NT Aigle orné
0%
Accipitridés Aquila VU Aigle ravisseur
0%
Accipitridés Spizaetus LC Aigle tyran
0%
Accipitridés Nisaetus CR Aigle variable
0%
Accipitridés Melierax LC Autour à ailes grises
0%
Accipitridés Aerospiza LC Autour à flancs roux
0%
Accipitridés Urotriorchis LC Autour à longue queue
0%
Accipitridés Tachyspiza LC Autour à manteau noir
0%
Accipitridés Tachyspiza LC Autour à tête grise
0%
Accipitridés Tachyspiza LC Autour australien
0%
Accipitridés Tachyspiza NT Autour à ventre blanc
0%
Accipitridés Tachyspiza LC Autour blanc
0%
Accipitridés Tachyspiza VU Autour bleu et gris
0%
Accipitridés Melierax LC Autour chanteur
0%
Accipitridés Erythrotriorchis NT Autour de Bürger
0%
Accipitridés Megatriorchis NT Autour de Doria
0%
Accipitridés Astur VU Autour de Hendt
0%
Accipitridés Tachyspiza VU Autour de Mayr
0%
Accipitridés Astur LC Autour de Meyer
0%
Accipitridés Lophospiza LC Autour des Célèbes
0%
Accipitridés Tachyspiza LC Autour des Fidji
0%
Accipitridés Tachyspiza NT Autour des Moluques
0%
Accipitridés Micronisus LC Autour gabar
0%
Accipitridés Lophospiza LC Autour huppé
0%
Accipitridés Tachyspiza VU Autour imitateur
0%
Accipitridés Astur LC Autour noir
0%
Accipitridés Tachyspiza LC Autour pie
0%
Accipitridés Erythrotriorchis NT Autour rouge
0%
Accipitridés Aerospiza LC Autour tachiro
0%
Accipitridés Kaupifalco LC Autour unibande
0%
Accipitridés Tachyspiza LC Autour variable
0%
Accipitridés Aviceda LC Baza coucou
0%
Accipitridés Aviceda LC Baza de Jerdon
0%
Accipitridés Aviceda LC Baza huppard
0%
Accipitridés Aviceda LC Baza huppé
0%
Accipitridés Aviceda LC Baza malgache
0%
Accipitridés Henicopernis LC Bondrée à longue queue
0%
Accipitridés Pernis LC Bondrée des Célèbes
0%
Accipitridés Pernis LC Bondrée de Steere
0%
Accipitridés Henicopernis VU Bondrée noire
0%
Accipitridés Pernis LC Bondrée orientale
0%
Accipitridés Circus LC Busard bariolé
0%
Accipitridés Circus LC Busard de Buffon
0%
Accipitridés Circus EN Busard de Madagascar
0%
Accipitridés Circus LC Busard de Nouvelle-Guinée
0%
Accipitridés Circus LC Busard d'Orient
0%
Accipitridés Circus LC Busard grenouillard
0%
Accipitridés Circus NT Busard maure
0%
Accipitridés Circus LC Busard tacheté
0%
Accipitridés Circus LC Busard tchoug
0%
Accipitridés Butastur LC Busautour à joues grises
0%
Accipitridés Butastur LC Busautour aux yeux blancs
0%
Accipitridés Butastur LC Busautour des sauterelles
0%
Accipitridés Butastur LC Busautour pâle
0%
Accipitridés Pseudastur EN Buse à dos gris
0%
Accipitridés Leucopternis LC Buse à face noire
0%
Accipitridés Buteo LC Buse à gorge blanche
0%
Accipitridés Rupornis LC Buse à gros bec
0%
Accipitridés Buteo LC Buse à queue barrée
0%
Accipitridés Geranoaetus LC Buse à queue blanche
0%
Accipitridés Buteogallus LC Buse ardoisée
0%
Accipitridés Leucopternis LC Buse à sourcils blancs
0%
Accipitridés Busarellus LC Buse à tête blanche
0%
Accipitridés Buteo LC Buse augure
0%
Accipitridés Morphnarchus LC Buse barrée
0%
Accipitridés Pseudastur LC Buse blanche
0%
Accipitridés Buteogallus NT Buse buson
0%
Accipitridés Buteogallus EN Buse couronnée
0%
Accipitridés Parabuteo LC Buse cul-blanc
0%
Accipitridés Buteo LC Buse d'Afrique
0%
Accipitridés Buteo LC Buse de Chine
0%
Accipitridés Buteogallus NT Buse de Gundlach
0%
Accipitridés Buteo LC Buse de l'Himalaya
0%
Accipitridés Buteo LC Buse de Madagascar
0%
Accipitridés Buteo VU Buse de Patagonie
0%
Accipitridés Buteo CR Buse de Rigway
0%
Accipitridés Buteo VU Buse des Galapagos
0%
Accipitridés Buteo VU Buse de Socotra
0%
Accipitridés Buteo LC Buse de Swaison
0%
Accipitridés Buteo NT Buse d'Hawaï
0%
Accipitridés Buteo LC Buse d'Orient
0%
Accipitridés Buteo NE Buse du Cap-Vert
0%
Accipitridés Buteo NT Buse forestière
0%
Accipitridés Buteo LC Buse grise
0%
Accipitridés Buteogallus VU Buse lacernulée
0%
Accipitridés Pseudastur NT Buse mantelée
0%
Accipitridés Buteo NT Buse montagnarde
0%
Accipitridés Buteogallus NT Buse noire
0%
Accipitridés Cryptoleucopteryx NT Buse plombée
0%
Accipitridés Buteo LC Buse rounoir
0%
Accipitridés Buteogallus LC Buse roussâtre
0%
Accipitridés Leucopternis LC Buse semi-plombée
0%
Accipitridés Buteogallus NT Buse solitaire
0%
Accipitridés Buteogallus LC Buse urubu
0%
Falconidés Phalcoboenus LC Caracara à gorge blanche
0%
Falconidés Ibycter LC Caracara à gorge rouge
0%
Falconidés Milvago LC Caracara à tête jaune
0%
Falconidés Phalcoboenus NT Caracara austral
0%
Falconidés Phalcoboenus LC Caracara caronculé
0%
Falconidés Milvago LC Caracara chimango
0%
Falconidés Phalcoboenus LC Caracara montagnard
0%
Falconidés Daptrius LC Caracara noir
0%
Falconidés Spiziapteryx LC Carnifex à ailes tachetées
0%
Falconidés Micrastur LC Carnifex à collier
0%
Falconidés Micrastur LC Carnifex à gorge cendré
0%
Falconidés Micrastur LC Carnifex ardoisé
0%
Falconidés Micrastur LC Carnifex barré
0%
Falconidés Micrastur LC Carnifex cryptique
0%
Falconidés Micrastur LC Carnifex de Buckley
0%
Accipitridés Circaetus LC Circaète à poitrine noire
0%
Accipitridés Circaetus NT Circaète barré
0%
Accipitridés Circaetus LC Circaète brun
0%
Accipitridés Circaetus LC Circaète cendré
0%
Accipitridés Circaetus VU Circaète de Beaudouin
0%
Falconidés Falco LC Crécerelle aux yeux blancs
0%
Falconidés Falco LC Crécerelle d'Australie
0%
Falconidés Falco EN Crécerelle de Maurice
0%
Falconidés Falco LC Crécerelle des Moluques
0%
Falconidés Falco LC Crécerelle des rochers
0%
Falconidés Falco VU Crécerelle des Seychelles
0%
Falconidés Falco LC Crécerelle malgache
0%
Falconidés Falco LC Crécerelle renard
0%
Accipitridés Elanus LC Elanion d'Australie
0%
Accipitridés Elanus NT Elanion lettré
0%
Acciptridés Elanus LC Elanion naucler
0%
Accipitridés Microspizias LC Epervier à collier interrompu
0%
Accipitridés Tachyspiza LC Epervier à collier roux
0%
Accipitridés Accipiter NE Epervier à cuisses rousses
0%
Accipitridés Tachyspiza NT Epervier à gorge grise
0%
Accipitridés Accipiter NE Epervier à gorge rayée
0%
Accipitridés Accipiter NE Epervier à poitrine blanche
0%
Accipitridés Tachyspiza LC Epervier à poitrine rousse
0%
Accipitridés Tachyspiza LC Epervier à queue tachetée
0%
Accipitridés Tachyspiza LC Epervier besra
0%
Accipitridés Astur LC Epervier bicolore
0%
Accipitridés Astur EN Epervier de Cuba
0%
Accipitridés Tachyspiza LC Epervier de Hartlaub
0%
Accipitridés Tachyspiza LC Epervier de Horsfield
0%
Accipitridés Accipiter LC Epervier de l'Ovampo
0%
Accipitridés Accipiter NT Epervier de Madagascar
0%
Accipitridés Tachyspiza VU Epervier de Nouvelle-Bretagne
0%
Accipitridés Tachyspiza NT Epervier des Célèbes
0%
Accipitridés Tachyspiza VU Epervier des Nicobar
0%
Accipitridés Astur LC Epervier du Chili
0%
Accipitridés Tachyspiza LC Epervier du Japon
0%
Accipitridés Accipiter LC Epervier menu
0%
Accipitridés Tachyspiza LC Epervier minule
0%
Falconidés Falco LC Faucon aldrovandin
0%
Falconidés Falco LC Faucon ardoisé
0%
Falconidés Falco LC Faucon à ventre rayé
0%
Falconidés Falco LC Faucon bérigora
0%
Falconidés Falco NT Faucon chicquera
0%
Falconidés Falco LC Faucon de Cuvier
0%
Falconidés Falco LC Faucon de Dickinson
0%
Falconidés Falco NT Faucon de Nouvelle-Zélande
0%
Falconidés Falco VU Faucon gris
0%
Falconidés Falco NT Faucon laggar
0%
Falconidés Microhierax LC Fauconnet à collier
0%
Falconidés Neohierax NT Fauconnet à pattes jaunes
0%
Falconidés Microhierax LC Fauconnet de Bornéo
0%
Falconidés Microhierax LC Fauconnet des Philippines
0%
Falconidés Microhierax LC Fauconnet moineau
0%
Falconidés Microhierax LC Fauconnet noir et blanc
0%
Falconidés Falco LC Faucon noir
0%
Falconidés Falco NT Faucon orangé
0%
Falconidés Falco VU Faucon taita
0%
Accipitridés Harpagus LC Harpage bidenté
0%
Accipitridés Harpagus LC Harpage diodon
0%
Accipitridés Milvus LC Milan à bec jaune
0%
Accipitridés Helicolestes LC Milan à long bec
0%
Accipitridés Hamirostra LC Milan à plastron
0%
Accipitridés Lophoictinia LC Milan à queue carrée
0%
Accipitridés Ictinia LC Milan bleuâtre
0%
Accipitridés Leptodon LC Milan de Cayenne
0%
Accipitridés Chondrohierax CR Milan de Cuba
0%
Accipitridés Leptodon EN Milan de Forbes
0%
Accipitridés Macheiramphus LC Milan des chauves-souris
0%
Accipitridés Haliastur LC Milan siffleur
0%
Falconidés Falco LC Petit faucon
0%
Accipitridés Icthyophaga NT Pygargue à tête grise
0%
Accipitridés Icthyophaga VU Pygargue de Sanford
0%
Accipitridés Icthyophaga NT Pygargue nain
0%
Accipitridés Eutriorchis EN Serpentaire de Madagascar
0%
Accipitridés Spilornis VU Serpentaire des Kinabalu
0%
Accipitridés Spilornis LC Serpentaire des Philippines
0%
Accipitridés Circaetus LC Serpentaire du Congo
0%
Accipitridés Spilornis NT Serpentaire menu
0%
Accipitridés Gyps EN Vautour chassefiente
0%
Accipitridés Sarcogyps CR Vautour royal
0%
Aucun quiz correspondant
Distribution des résultats
% des personnes avec chaque résultat
Percentile par nombre de réponses
Votre historique - résultats
Vous n’avez pas pris ce quiz